Psicoanálisis, religión y espiritualidad /

Acercamiento crítico a los planteamientos freudianos sobre la religión, desde donde el autor reorienta la función de la psicoterapia en la vida religiosa. El resultado es una propuesta integradora entre terapia y ejercicios espirituales como fuente de desarrollo humano.

Guardat en:
Dades bibliogràfiques
Autor principal: Auping Birch, John (autor)
Format: Llibre
Idioma:espanyol
Publicat: México : Universidad Iberoamericana, Plantel Santa Fe : Red Excelencia Personal, 2001, c2001
Matèries:
Etiquetes: Afegir etiqueta
Sense etiquetes, Sigues el primer a etiquetar aquest registre!

MARC

LEADER 00000nam^a2200000^a^4500
001 000187422
005 20250521000000.0
009 20260310102258.409
020 |a 968-859-430-X 
037 |a Acervo ITESO - Biblioteca 
041 |a ESP 
082 |a 616. 8917  |b AUP 
100 |a Auping Birch, John  |e (autor) 
245 1 0 |a Psicoanálisis, religión y espiritualidad /  |c J. Auping Birch. 
264 4 |a México :  |b Universidad Iberoamericana, Plantel Santa Fe :  |b Red Excelencia Personal,  |c 2001, c2001 
300 |a 249 p. 
336 |a texto  |b txt  |2 rdacontenido 
337 |a sin mediación  |b n  |2 rdamedio 
338 |a volumen  |b nc  |2 rdasoporte 
520 |a Acercamiento crítico a los planteamientos freudianos sobre la religión, desde donde el autor reorienta la función de la psicoterapia en la vida religiosa. El resultado es una propuesta integradora entre terapia y ejercicios espirituales como fuente de desarrollo humano. 
649 |a XX 
650 |a Psicoanalistas Austríacos 
650 |a Vida Espiritual 
650 |a Vida Cristiana 
650 |a Ejercicios Espirituales 
650 |a Psicología del Yo 
650 |a Psicopatología 
650 |a Psicoterapia Psicoanalítica 
650 |a Psicoterapia 
650 |a Psicoanálisis Freudiano 
650 |a Psicoanálisis y Religión 
650 |a Psicología y Religión 
650 |a Psicoanálisis 
650 |a Psicología Clínica 
650 |a Freud, Sigmund 
910 |a Fondo General 
920 |a Impresos - Libros 
930 |a Colección General 
905 |a 101 
901 |a 0500129836  |b IT1  |c ACC  |u 20250521 
902 |a https://opac.biblio.iteso.mx/vufind/Record/000187422